Statistics for Mozambique First Level Subdivisions

Click here to take the quiz!

General Stats

  • This quiz has been taken 17 times
  • The average score is 7 of 11

Answer Stats

Provincias% Correct
Maputo
100%
Cabo Delgado
69%
Tete
69%
Inhambane
62%
Nampula
62%
Niassa
62%
Sofala
62%
Gaza
54%
Manica
54%
Zambezia
54%

Score Distribution

Percentile by Number Answered

Percent of People with Each Score

Your Score History

You have not taken this quiz